000 00471cam a22001217a 4500
008 180718b1974 xxu||||| |||| 00| 0 eng d
082 _aA81x54 In2/71/14/Pt10A&10B/K/N
100 _aCensus of India 1971
245 _aMysore district census handbook, North Kanara: town and village directory, primary census abstract
260 _aBangalore
_bDirector of Census Operations
_c1974
300 _a315+p.
440 _aCensus of India 1971. Series-14, Mysore. Part X-A & Part X-B
999 _c485876
_d485876